20 figure painters and how they work : from the pages of American artist /

Bibliographic Details
Other Authors: Meyer, Susan E.
Format: Book
Language:English
Published: New York : Watson-Guptill Publications, 1979.
Subjects:

MARC

Tag First Indicator Second Indicator Subfields
LEADER 00000pam a2200000 i 4500
001 in00000665290
005 20151015080231.0
008 781115s1979 nyua 00100beng
010 |a  78021148  
020 |a 0823054896 
035 |a (OCoLC)04495033 
035 |9 ACX6089AM 
040 |a DLC  |c DLC  |d TXA  |d UtOrBLW 
049 |a TXAM  |c [1241476] 
050 0 0 |a ND1292  |b .T83 1979 
082 0 |a 757/.092/2  |a B 
090 |a ND1292  |b .T83 
245 0 0 |a 20 figure painters and how they work :  |b from the pages of American artist /  |c edited by Susan E. Meyer. 
264 1 |a New York :  |b Watson-Guptill Publications,  |c 1979. 
300 |a 175 pages :  |b illustrations (some color) ;  |c 31 cm. 
336 |a text  |b txt  |2 rdacontent 
337 |a unmediated  |b n  |2 rdamedia 
338 |a volume  |b nc  |2 rdacarrier 
500 |a Includes index. 
650 0 |a Human figure in art. 
650 0 |a Human beings in art. 
650 0 |a Painting  |x Technique. 
650 0 |a Painting, American. 
700 1 |a Meyer, Susan E. 
730 0 |a American artist. 
999 |a MARS 
999 f f |s f0ac5946-5760-3e8e-86e1-eee2468b243c  |i 9ae6c623-1c43-3cb0-b19d-60d6fddfdac3  |t 0 
952 f f |p normal  |a Texas A&M University  |b College Station  |c Sterling C. Evans Library  |d Evans: Library Stacks  |t 0  |e ND1292 .T83  |h Library of Congress classification  |i unmediated -- volume  |m A14803488458 
998 f f |a ND1292 .T83  |t 0  |l Evans: Library Stacks